[Event "20. Open Pula 2006"]
[Site "Pula CRO"]
[Date "2006.06.18"]
[Round "1.1"]
[White "Stocek, Jiri"]
[Black "Siefert, Ulrich"]
[Result "1-0"]
[WhiteElo "2565"]
[BlackElo "2073"]
[PlyCount "61"]
[EventDate "2006.06.18"]
[EventType "swiss"]
[EventRounds "9"]
[EventCountry "CRO"]
[Source "lmi"]
[SourceDate "2006.06.26"]

1. e4 d6 2. d4 c6 3. c4 g6 4. Nc3 Bg7 5. Be3 e6 6. Qd2 a6 7. Nf3 Nd7 8. Bd3 b5
9. d5 bxc4 10. dxe6 fxe6 11. Bxc4 Ne5 12. Nxe5 Bxe5 13. O-O-O Nf6 14. Bc5 O-O
15. Bxd6 Bxc3 16. Qxc3 Nxe4 17. Bxf8 Qxd1+ 18. Rxd1 Nxc3 19. Rd8 Nd5 20. Bc5+
Kf7 21. g4 Nf6 22. Rf8+ Kg7 23. Bxe6 Bxe6 24. Rxa8 Nxg4 25. Bd4+ Kh6 26. h3 Nh2
27. Be3+ Kg7 28. Ra7+ Kg8 29. Bh6 Bxa2 30. Rg7+ Kh8 31. Rb7 1-0

[Event "20. Open Pula 2006"]
[Site "Pula CRO"]
[Date "2006.06.18"]
[Round "1.2"]
[White "Novosel, Tomislav"]
[Black "Rogic, Davor"]
[Result "0-1"]
[WhiteElo "2073"]
[BlackElo "2540"]
[PlyCount "98"]
[EventDate "2006.06.18"]
[EventType "swiss"]
[EventRounds "9"]
[EventCountry "CRO"]
[Source "lmi"]
[SourceDate "2006.06.26"]

1. d4 d5 2. c4 c6 3. cxd5 cxd5 4. Nc3 Nf6 5. Bf4 Nc6 6. e3 e6 7. Nf3 Nh5 8. Be5
Be7 9. Bd3 f5 10. Nd2 Nf6 11. f4 Bd7 12. O-O O-O 13. Rc1 Rc8 14. a3 Ng4 15. Qe2
Ncxe5 16. fxe5 Bg5 17. Rf3 Qb6 18. Nf1 f4 19. Rh3 Nh6 20. Rd1 Be8 21. Bb1 Rd8
22. Kh1 fxe3 23. Nxe3 Rf4 24. Qd3 Bg6 25. Qb5 Rxd4 26. Qxb6 Rxd1+ 27. Nexd1
axb6 28. Bxg6 hxg6 29. Ne2 Rf8 30. Rf3 Rf5 31. Rxf5 gxf5 32. Nd4 Kf7 33. Nf3
Bc1 34. h3 g5 35. Kg1 g4 36. Ne1 Ke7 37. Nd3 Bg5 38. Kf2 Kd7 39. Nc3 gxh3 40.
gxh3 Bh4+ 41. Ke3 Nf7 42. Nb5 Ng5 43. Nf4 Bg3 44. h4 Bxh4 45. Nd4 Bg3 46. Nd3
Ke7 47. a4 Ne4 48. b4 Bh4 49. a5 Bg5+ 0-1

[Event "20. Open Pula 2006"]
[Site "Pula CRO"]
[Date "2006.06.18"]
[Round "1.6"]
[White "Plaskan, Jure"]
[Black "Cvitan, Ognjen"]
[Result "0-1"]
[WhiteElo "2069"]
[BlackElo "2527"]
[PlyCount "76"]
[EventDate "2006.06.18"]
[EventType "swiss"]
[EventRounds "9"]
[EventCountry "CRO"]
[Source "lmi"]
[SourceDate "2006.06.26"]

1. e4 c5 2. Nf3 d6 3. d4 cxd4 4. Nxd4 Nf6 5. Nc3 a6 6. Bc4 e6 7. O-O b5 8. Bb3
Be7 9. f4 O-O 10. f5 b4 11. Na4 e5 12. Ne2 Bb7 13. Ng3 Nbd7 14. Qf3 Bc6 15. c3
a5 16. Be3 Qc7 17. Rac1 Qb7 18. Bg5 h6 19. Bxf6 Nxf6 20. Rfe1 Qd7 21. Qd1 Rab8
22. Qc2 Rfc8 23. Kh1 h5 24. Rcd1 h4 25. Nf1 Qb7 26. Nd2 Ng4 27. Re2 Rc7 28. h3
Nf6 29. Qd3 Nh5 30. Ree1 Bg5 31. Nf1 Nf6 32. Qxd6 Nxe4 33. Qxe5 Nf2+ 34. Kg1
Nxd1 35. Rxd1 Re8 36. Qd4 Re4 37. Qf2 Rf4 38. Qe2 Qa7+ 0-1

[Event "20. Open Pula 2006"]
[Site "Pula CRO"]
[Date "2006.06.18"]
[Round "1.7"]
[White "Petrik, Tomas"]
[Black "Hamer, Ivan"]
[Result "1-0"]
[WhiteElo "2515"]
[BlackElo "2064"]
[PlyCount "37"]
[EventDate "2006.06.18"]
[EventType "swiss"]
[EventRounds "9"]
[EventCountry "CRO"]
[Source "lmi"]
[SourceDate "2006.06.26"]

1. e4 e6 2. Nf3 d5 3. Nc3 Nf6 4. e5 Nfd7 5. d4 c5 6. dxc5 Bxc5 7. Bd3 Nc6 8.
Bf4 f6 9. exf6 Nxf6 10. O-O O-O 11. Qe2 Ne4 12. Nxe4 dxe4 13. Qxe4 Rf5 14. Rad1
Qf6 15. Be3 Be7 16. Nd4 Nxd4 17. Bxd4 Qh6 18. Be3 Qf6 19. g4 1-0

[Event "20. Open Pula 2006"]
[Site "Pula CRO"]
[Date "2006.06.18"]
[Round "1.9"]
[White "Popovic, Dusan"]
[Black "Harstad, Christian"]
[Result "1-0"]
[WhiteElo "2496"]
[BlackElo "2059"]
[PlyCount "73"]
[EventDate "2006.06.18"]
[EventType "swiss"]
[EventRounds "9"]
[EventCountry "CRO"]
[Source "lmi"]
[SourceDate "2006.06.26"]

1. e4 e5 2. Nf3 Nc6 3. Bb5 a6 4. Ba4 Nf6 5. O-O Nxe4 6. d4 b5 7. Bb3 d5 8. dxe5
Be6 9. Nbd2 Bc5 10. Nxe4 dxe4 11. Qxd8+ Rxd8 12. Ng5 Bxb3 13. axb3 Nxe5 14.
Nxe4 Bb6 15. Bf4 Ng6 16. Bg3 f5 17. Ng5 f4 18. Rfe1+ Kd7 19. Bxf4 Nxf4 20. Nf7
Rde8 21. Nxh8 Rxh8 22. Rxa6 g5 23. Raa1 h6 24. Rad1+ Kc8 25. Rd2 Rh7 26. g3
Nh3+ 27. Kg2 g4 28. f3 h5 29. Re8+ Kb7 30. Rg8 Be3 31. Rd3 Bc1 32. fxg4 hxg4
33. Rxg4 Bxb2 34. Rf3 Bc1 35. Rf1 Bd2 36. Rd4 Bh6 37. Kxh3 1-0

[Event "20. Open Pula 2006"]
[Site "Pula CRO"]
[Date "2006.06.18"]
[Round "1.10"]
[White "Pregarac, Valter"]
[Black "Saric, Ante"]
[Result "0-1"]
[WhiteElo "2058"]
[BlackElo "2474"]
[PlyCount "40"]
[EventDate "2006.06.18"]
[EventType "swiss"]
[EventRounds "9"]
[EventCountry "CRO"]
[Source "lmi"]
[SourceDate "2006.06.26"]

1. d4 Nf6 2. c4 e6 3. Nc3 Bb4 4. f3 Nc6 5. Bg5 h6 6. Bh4 e5 7. d5 Ne7 8. e3 c6
9. dxc6 bxc6 10. Qa4 Qb6 11. Nge2 Nf5 12. Bf2 Nxe3 13. Qb3 Bc5 14. Bxe3 Bxe3
15. Qxb6 axb6 16. Ng3 d6 17. Bd3 g6 18. Ke2 Bd4 19. Kd2 Be6 20. Rhd1 Ke7 0-1

[Event "20. Open Pula 2006"]
[Site "Pula CRO"]
[Date "2006.06.18"]
[Round "1.11"]
[White "Jovanic, Ognjen"]
[Black "Fleming, Andrew"]
[Result "1-0"]
[WhiteElo "2473"]
[BlackElo "2057"]
[PlyCount "89"]
[EventDate "2006.06.18"]
[EventType "swiss"]
[EventRounds "9"]
[EventCountry "CRO"]
[Source "lmi"]
[SourceDate "2006.06.26"]

1. d4 e6 2. c4 Nf6 3. Nf3 c5 4. d5 exd5 5. cxd5 d6 6. e4 Bg4 7. Nbd2 Qa5 8. Bd3
Nbd7 9. O-O Be7 10. Nc4 Qc7 11. a4 O-O 12. h3 Bxf3 13. Qxf3 Ne5 14. Nxe5 dxe5
15. Bd2 a6 16. Rfc1 Qd6 17. h4 Rab8 18. a5 Ne8 19. g3 Nc7 20. Be3 Ne6 21. dxe6
Qxd3 22. Qf5 b6 23. Rd1 Qb3 24. Qxe5 Qxe6 25. Qxe6 fxe6 26. Rd7 Rf7 27. Bf4 Rd8
28. Rxd8+ Bxd8 29. axb6 Bxb6 30. Rxa6 Rb7 31. Be3 e5 32. Bd2 Bc7 33. Bc3 Rb5
34. Ra7 Bd6 35. Rd7 Rb6 36. h5 Kf8 37. Kg2 Bb8 38. Kh3 Rd6 39. Rb7 Rd8 40. Kg4
Bd6 41. f4 Re8 42. Rd7 Bb8 43. Kf3 h6 44. Rd5 exf4 45. gxf4 1-0

[Event "20. Open Pula 2006"]
[Site "Pula CRO"]
[Date "2006.06.18"]
[Round "1.12"]
[White "Bartl, Ulf"]
[Black "Kovacevic, Blazimir"]
[Result "0-1"]
[WhiteElo "2053"]
[BlackElo "2468"]
[PlyCount "104"]
[EventDate "2006.06.18"]
[EventType "swiss"]
[EventRounds "9"]
[EventCountry "CRO"]
[Source "lmi"]
[SourceDate "2006.06.26"]

1. d4 f5 2. g3 g6 3. Bg2 Bg7 4. Nc3 Nf6 5. Nh3 O-O 6. O-O d5 7. Nf4 c6 8. h4
Na6 9. f3 Nc7 10. Be3 Nd7 11. Bf2 e5 12. dxe5 Nxe5 13. e4 fxe4 14. fxe4 Bg4 15.
Nce2 g5 16. hxg5 Qxg5 17. Bc5 dxe4 18. Bxf8 Bxf8 19. Bxe4 Bc5+ 20. Kg2 Nc4 21.
Bxh7+ Kg7 22. Qd3 Ne3+ 23. Kg1 Nxc2+ 24. Kg2 Ne3+ 25. Kg1 Nxf1+ 26. Kxf1 Rf8
27. Qg6+ Qxg6 28. Bxg6 Bxe2+ 29. Kxe2 Rxf4 30. gxf4 Kxg6 31. Rd1 Nd5 32. Kf3
Kf5 33. Rh1 Nf6 34. Rh6 Bd6 35. b3 Bxf4 36. Rxf6+ Kxf6 37. Kxf4 Ke6 38. Ke4 Kd6
39. Kd4 b6 40. b4 Ke6 41. Ke4 Kd6 42. Kd4 a6 43. a3 c5+ 44. bxc5+ bxc5+ 45. Kc4
Kc6 46. Kc3 Kb5 47. Kb3 c4+ 48. Kc3 Kc5 49. Kc2 Kd4 50. Kd2 c3+ 51. Kc2 Kc4 52.
a4 a5 0-1

[Event "20. Open Pula 2006"]
[Site "Pula CRO"]
[Date "2006.06.18"]
[Round "1.13"]
[White "Zivanic, Marko"]
[Black "Kvisvik, Brede"]
[Result "0-1"]
[WhiteElo "2462"]
[BlackElo "2050"]
[PlyCount "54"]
[EventDate "2006.06.18"]
[EventType "swiss"]
[EventRounds "9"]
[EventCountry "CRO"]
[Source "lmi"]
[SourceDate "2006.06.26"]

1. d4 Nf6 2. c4 c5 3. d5 b5 4. cxb5 a6 5. b6 d6 6. Nc3 Nbd7 7. a4 a5 8. e4 Nxb6
9. f4 g6 10. Nf3 Bg7 11. Bb5+ Bd7 12. e5 dxe5 13. fxe5 Ng4 14. e6 fxe6 15. Ng5
O-O 16. Qxg4 Bc8 17. Qh4 h6 18. Nxe6 Bxe6 19. dxe6 Qd6 20. Be2 Rf5 21. Bxh6
Raf8 22. Bxg7 Kxg7 23. Qg3 Rf4 24. Qe3 R8f5 25. Rd1 Rd4 26. Rf1 Nc4 27. Qg3
Rxd1+ 0-1

[Event "20. Open Pula 2006"]
[Site "Pula CRO"]
[Date "2006.06.18"]
[Round "1.14"]
[White "Svaljek, Radmila"]
[Black "Abergel, Thal"]
[Result "0-1"]
[WhiteElo "2047"]
[BlackElo "2457"]
[PlyCount "91"]
[EventDate "2006.06.18"]
[EventType "swiss"]
[EventRounds "9"]
[EventCountry "CRO"]
[Source "lmi"]
[SourceDate "2006.06.26"]

1. d4 Nf6 2. Nf3 e6 3. c3 b6 4. Bg5 Bb7 5. Nbd2 Be7 6. Qc2 d5 7. Ne5 O-O 8. e3
Nbd7 9. Ndf3 c5 10. Be2 Nxe5 11. Nxe5 Nd7 12. Bxe7 Qxe7 13. Nxd7 Qxd7 14. O-O
Rfc8 15. Qd2 a5 16. b3 Ba6 17. Bxa6 Rxa6 18. dxc5 bxc5 19. c4 d4 20. exd4 cxd4
21. Rfe1 a4 22. Rad1 axb3 23. axb3 Rd8 24. Qd3 Ra3 25. h3 Qa7 26. Qb1 g6 27.
Qd3 Qb6 28. Rb1 Qb4 29. Rec1 Qc5 30. Re1 e5 31. Qg3 f6 32. h4 d3 33. h5 Kg7 34.
hxg6 hxg6 35. Qf3 Qb4 36. Qd1 Qc3 37. g3 Rb8 38. Qg4 Rd8 39. Qe6 Ra7 40. Kg2 d2
41. Rh1 Qc2 42. Qg4 Rad7 43. Qh4 d1=Q 44. Rbxd1 Rxd1 45. Qh7+ Kf8 46. Qb7 0-1

[Event "20. Open Pula 2006"]
[Site "Pula CRO"]
[Date "2006.06.18"]
[Round "1.15"]
[White "Sakelsek, Tadej"]
[Black "Bucek, Eduard"]
[Result "1-0"]
[WhiteElo "2428"]
[BlackElo "2045"]
[PlyCount "71"]
[EventDate "2006.06.18"]
[EventType "swiss"]
[EventRounds "9"]
[EventCountry "CRO"]
[Source "lmi"]
[SourceDate "2006.06.26"]

1. e4 e5 2. Nf3 Nc6 3. Bc4 Bc5 4. c3 Nf6 5. d3 d6 6. O-O O-O 7. Bb3 Bg4 8. h3
Bh5 9. Nbd2 Qd7 10. Re1 Rae8 11. Nf1 d5 12. Ng3 Bg6 13. Bg5 d4 14. Bxf6 gxf6
15. Nh4 dxc3 16. bxc3 Rd8 17. Bc2 Ne7 18. Qf3 Qc6 19. a4 a5 20. Bb3 Rd6 21. Bc4
Qd7 22. Nhf5 Bxf5 23. exf5 Qc6 24. Qxc6 Rxc6 25. Bb5 Bxf2+ 26. Kxf2 Rxc3 27.
Rac1 Rxc1 28. Rxc1 c6 29. Bc4 Rb8 30. Rb1 Kf8 31. Kf3 b5 32. axb5 a4 33. b6 Nc8
34. b7 Nd6 35. Ne4 Nxf5 36. Nc5 1-0

[Event "20. Open Pula 2006"]
[Site "Pula CRO"]
[Date "2006.06.18"]
[Round "1.16"]
[White "Puobis, Jozef"]
[Black "Bhat, Vinay S"]
[Result "0-1"]
[WhiteElo "2044"]
[BlackElo "2409"]
[PlyCount "28"]
[EventDate "2006.06.18"]
[EventType "swiss"]
[EventRounds "9"]
[EventCountry "CRO"]
[Source "lmi"]
[SourceDate "2006.06.26"]

1. e4 e6 2. Nf3 d5 3. Nc3 Nf6 4. e5 Nfd7 5. d4 c5 6. Be3 Nc6 7. Bb5 cxd4 8.
Bxd4 a6 9. Bxc6 bxc6 10. Be3 Rb8 11. b3 Qc7 12. Bf4 Bb4 13. Qd3 Nc5 14. Qd4 Ne4
0-1

[Event "20. Open Pula 2006"]
[Site "Pula CRO"]
[Date "2006.06.18"]
[Round "1.17"]
[White "Kuljasevic, Davorin"]
[Black "Orel, Simona"]
[Result "1-0"]
[WhiteElo "2408"]
[BlackElo "2039"]
[PlyCount "65"]
[EventDate "2006.06.18"]
[EventType "swiss"]
[EventRounds "9"]
[EventCountry "CRO"]
[Source "lmi"]
[SourceDate "2006.06.26"]

1. d4 d5 2. c4 e6 3. Nc3 f5 4. Nf3 Nf6 5. Bf4 Bd6 6. e3 c6 7. Bd3 Ne4 8. O-O
O-O 9. Bxe4 fxe4 10. Ne5 Bxe5 11. Bxe5 Nd7 12. Bd6 Rf5 13. c5 e5 14. f3 exf3
15. Rxf3 Rxf3 16. Qxf3 e4 17. Qg3 Nf6 18. Rf1 Be6 19. Ne2 h6 20. Nf4 Bf7 21.
Be5 Ne8 22. h4 Qe7 23. Qh3 Rd8 24. g4 Qd7 25. Qg3 Nc7 26. g5 hxg5 27. hxg5 Be6
28. Qh4 Bf5 29. g6 Ne8 30. Qh7+ Kf8 31. Nh5 Qe6 32. Bxg7+ Nxg7 33. Qxg7+ 1-0

[Event "20. Open Pula 2006"]
[Site "Pula CRO"]
[Date "2006.06.18"]
[Round "1.18"]
[White "Candura, Stefano"]
[Black "Rigo, Zsolt"]
[Result "0-1"]
[WhiteElo "2036"]
[BlackElo "2402"]
[PlyCount "72"]
[EventDate "2006.06.18"]
[EventType "swiss"]
[EventRounds "9"]
[EventCountry "CRO"]
[Source "lmi"]
[SourceDate "2006.06.26"]

1. d4 Nf6 2. Nf3 e6 3. e3 b6 4. Bd3 Bb7 5. O-O d5 6. b3 Bd6 7. Bb2 Nbd7 8. Nbd2
O-O 9. Ne5 c5 10. f4 Ne4 11. Nxe4 dxe4 12. Bb5 Nf6 13. Qe2 Qc7 14. c4 a6 15.
Ba4 Rfd8 16. Rfd1 Rac8 17. Rd2 cxd4 18. Bxd4 Bb4 19. Rdd1 Bc5 20. Bb2 b5 21.
cxb5 axb5 22. b4 bxa4 23. Rxd8+ Rxd8 24. bxc5 Qxc5 25. Rc1 Qb4 26. Bd4 Nd5 27.
Qc2 f6 28. Rb1 Qe7 29. Nc4 Nxf4 30. Bxf6 gxf6 31. exf4 Qc5+ 32. Kh1 Bd5 33. Ne3
Qxe3 34. Qxa4 Qxf4 35. Qa6 e3 36. Qb6 Rc8 0-1

[Event "20. Open Pula 2006"]
[Site "Pula CRO"]
[Date "2006.06.18"]
[Round "1.19"]
[White "Markosian, David S"]
[Black "Klem, Davor"]
[Result "1-0"]
[WhiteElo "2397"]
[BlackElo "2035"]
[PlyCount "123"]
[EventDate "2006.06.18"]
[EventType "swiss"]
[EventRounds "9"]
[EventCountry "CRO"]
[Source "lmi"]
[SourceDate "2006.06.26"]

1. Nf3 Nc6 2. d4 d6 3. c4 e5 4. dxe5 Nxe5 5. Nbd2 Nf6 6. g3 Be7 7. Bg2 O-O 8.
O-O Nc6 9. b3 Bf5 10. Bb2 Ne4 11. Nd4 Nxd4 12. Nxe4 Nc6 13. Qd2 Bxe4 14. Bxe4
Bf6 15. Rad1 Re8 16. Bg2 Bxb2 17. Qxb2 Qe7 18. e3 Qe5 19. Qb1 Qf6 20. Rd5 Re5
21. Rb5 Nd8 22. Rxe5 Qxe5 23. Rd1 Rb8 24. Rd5 Qf6 25. Be4 g6 26. h4 Ne6 27. b4
Qc3 28. Qb3 Qxb3 29. axb3 Kf8 30. f4 Re8 31. Bc2 Nd8 32. Kf2 Nc6 33. b5 Nb4 34.
Rd2 Nxc2 35. Rxc2 f5 36. Kf3 c6 37. bxc6 bxc6 38. Ra2 Re7 39. Ra6 Rc7 40. e4
Ke7 41. g4 Ke6 42. b4 Kf6 43. c5 Ke6 44. cxd6 Kxd6 45. exf5 gxf5 46. gxf5 Kd5
47. f6 Kc4 48. Ke4 Kxb4 49. Ke5 c5 50. Ke6 c4 51. f7 Rc8 52. Rxa7 c3 53. Rc7
Rxc7 54. f8=Q+ Kc4 55. Qd6 Rc5 56. Qd1 Rb5 57. f5 Rb2 58. f6 c2 59. Qd2 Kb3 60.
f7 Rb1 61. f8=Q c1=Q 62. Qfb4# 1-0

[Event "20. Open Pula 2006"]
[Site "Pula CRO"]
[Date "2006.06.18"]
[Round "1.20"]
[White "Vukelic, Zvonimir"]
[Black "Saric, Ivan"]
[Result "0-1"]
[WhiteElo "2028"]
[BlackElo "2393"]
[PlyCount "114"]
[EventDate "2006.06.18"]
[EventType "swiss"]
[EventRounds "9"]
[EventCountry "CRO"]
[Source "lmi"]
[SourceDate "2006.06.26"]

1. e4 c5 2. Nc3 Nc6 3. g3 e6 4. Bg2 Nf6 5. d3 Be7 6. Nge2 d5 7. exd5 exd5 8.
Bg5 d4 9. Bxf6 Bxf6 10. Ne4 Be7 11. O-O O-O 12. h3 f5 13. Nd2 Bd6 14. f4 Be6
15. b3 Bc7 16. Nf3 h6 17. h4 Nb4 18. Ne5 Bd5 19. Bh3 Qe8 20. a3 Nc6 21. Nxc6
Qe3+ 22. Rf2 bxc6 23. Qc1 Rae8 24. Qxe3 Rxe3 25. Kh2 Rfe8 26. Ng1 g6 27. Bg2 g5
28. Raf1 g4 29. Rd1 Ba5 30. Rb1 Be1 31. Bxd5+ cxd5 32. Rg2 a5 33. Rd1 Kf7 34.
Rb1 R8e6 35. Rd1 Ke7 36. a4 Kd6 37. Rb1 Kc6 38. Rd1 Bc3 39. Rb1 Re1 40. Rxe1
Rxe1 41. h5 c4 42. Rf2 Kc5 43. bxc4 dxc4 44. Kg2 cxd3 45. cxd3 Kb4 46. Rc2 Kb3
47. Rf2 Kxa4 48. Nf3 gxf3+ 49. Rxf3 Kb3 50. g4 fxg4 51. Rg3 a4 52. Rxg4 a3 53.
Rg6 a2 54. Ra6 a1=Q 55. Rxa1 Rxa1 56. Kf3 Kc2 57. Ke4 Re1+ 0-1

[Event "20. Open Pula 2006"]
[Site "Pula CRO"]
[Date "2006.06.18"]
[Round "1.21"]
[White "Feletar, Darko"]
[Black "Tomasi, Diego"]
[Result "1-0"]
[WhiteElo "2391"]
[BlackElo "2024"]
[PlyCount "57"]
[EventDate "2006.06.18"]
[EventType "swiss"]
[EventRounds "9"]
[EventCountry "CRO"]
[Source "lmi"]
[SourceDate "2006.06.26"]

1. d4 c5 2. e4 cxd4 3. Nf3 Nc6 4. Nxd4 Nf6 5. Nc3 Qb6 6. Nb3 d6 7. Bg5 Be6 8.
Qd2 a6 9. Be2 h6 10. Be3 Qc7 11. f4 g6 12. O-O O-O-O 13. Bf3 Bg7 14. Nd5 Bxd5
15. exd5 Nb8 16. c4 Nbd7 17. Rfc1 Nc5 18. Nxc5 dxc5 19. b4 Nd7 20. Rab1 g5 21.
Bg4 f5 22. Bxf5 Rdf8 23. Bxd7+ Qxd7 24. bxc5 gxf4 25. c6 bxc6 26. Bxf4 Qa7+ 27.
c5 Rxf4 28. Qxf4 Qc7 29. Qg4+ 1-0

[Event "20. Open Pula 2006"]
[Site "Pula CRO"]
[Date "2006.06.18"]
[Round "1.45"]
[White "Kjartansson, Gudmundur"]
[Black "Terlevic, Mladen"]
[Result "1-0"]
[WhiteElo "2283"]
[BlackElo "1932"]
[PlyCount "24"]
[EventDate "2006.06.18"]
[EventType "swiss"]
[EventRounds "9"]
[EventCountry "CRO"]
[Source "lmi"]
[SourceDate "2006.06.26"]

1. e4 e5 2. Nf3 Nc6 3. Bb5 d6 4. d4 exd4 5. Nxd4 Bd7 6. Bxc6 bxc6 7. O-O c5 8.
Nf5 g6 9. Re1 Qf6 10. Ne3 Qd4 11. Qf3 Bg7 12. e5 O-O-O 1-0

[Event "20. Open Pula 2006"]
[Site "Pula CRO"]
[Date "2006.06.19"]
[Round "2.2"]
[White "Rogic, Davor"]
[Black "Machata, Martin"]
[Result "1-0"]
[WhiteElo "2540"]
[BlackElo "2230"]
[PlyCount "73"]
[EventDate "2006.06.18"]
[EventType "swiss"]
[EventRounds "9"]
[EventCountry "CRO"]
[Source "lmi"]
[SourceDate "2006.06.26"]

1. e4 Nf6 2. e5 Nd5 3. d4 d6 4. Nf3 g6 5. Bc4 Be6 6. Qe2 Nc6 7. c3 Bg7 8. exd6
Qxd6 9. Ng5 Bf5 10. Qf3 Rd8 11. Nd2 O-O 12. Nde4 Bxe4 13. Nxe4 Qe6 14. O-O Na5
15. Bd3 Qc6 16. Re1 Nc4 17. h4 e5 18. Qe2 Nd6 19. dxe5 Bxe5 20. Nxd6 Bxd6 21.
Bb5 Qb6 22. Bh6 Nf4 23. Qf1 c6 24. Bxf8 Rxf8 25. Bc4 Qxb2 26. g3 Nh5 27. Qd3
Bc5 28. Qf3 b5 29. Bb3 Ng7 30. Rab1 Qd2 31. Rbd1 Qb2 32. Re2 Qa3 33. Qxc6 Nf5
34. Kg2 Bb6 35. Qxb5 Ba5 36. Rd7 Bxc3 37. Qc4 1-0

[Event "20. Open Pula 2006"]
[Site "Pula CRO"]
[Date "2006.06.19"]
[Round "2.4"]
[White "Pavasovic, Dusko"]
[Black "Fogel, Pierre"]
[Result "1-0"]
[WhiteElo "2534"]
[BlackElo "2226"]
[PlyCount "39"]
[EventDate "2006.06.18"]
[EventType "swiss"]
[EventRounds "9"]
[EventCountry "CRO"]
[Source "lmi"]
[SourceDate "2006.06.26"]

1. e4 c5 2. Nf3 d6 3. d4 cxd4 4. Nxd4 Nf6 5. Nc3 a6 6. Be3 e5 7. Nde2 Nbd7 8.
Ng3 Nb6 9. a4 Qc7 10. Bg5 Be6 11. Bxf6 gxf6 12. a5 Nc4 13. Nd5 Bxd5 14. Qxd5
Rc8 15. Bxc4 Qxc4 16. Qxb7 d5 17. c3 d4 18. Ra4 Qc6 19. Qxc6+ Rxc6 20. cxd4 1-0

[Event "20. Open Pula 2006"]
[Site "Pula CRO"]
[Date "2006.06.19"]
[Round "2.5"]
[White "Kljako, Damir"]
[Black "Kveinys, Aloyzas"]
[Result "0-1"]
[WhiteElo "2223"]
[BlackElo "2532"]
[PlyCount "120"]
[EventDate "2006.06.18"]
[EventType "swiss"]
[EventRounds "9"]
[EventCountry "CRO"]
[Source "lmi"]
[SourceDate "2006.06.26"]

1. d4 Nf6 2. c4 e6 3. Nc3 Bb4 4. Bd2 d5 5. a3 Be7 6. cxd5 exd5 7. Bg5 c6 8. e3
Bf5 9. Nf3 Nbd7 10. h3 O-O 11. Be2 Re8 12. Bf4 a5 13. O-O Qb6 14. Bd3 Bxd3 15.
Qxd3 a4 16. Qc2 Qa6 17. Ne5 Nf8 18. Nd3 Ne6 19. Bg3 Bf8 20. Rfd1 Ng5 21. Bh4
Nge4 22. Bxf6 Nxf6 23. b4 axb3 24. Qxb3 Bd6 25. g3 Qc4 26. Qxc4 dxc4 27. Ne5
Bxe5 28. dxe5 Rxe5 29. a4 Nd5 30. Ne2 g6 31. a5 Ra7 32. Rdc1 Nc7 33. Rxc4 Rexa5
34. Rxa5 Rxa5 35. Kg2 Ne6 36. Nd4 Nxd4 37. Rxd4 Rd5 38. Ra4 Kf8 39. e4 Rd3 40.
Ra7 Rb3 41. g4 Ke7 42. g5 c5 43. h4 Kd6 44. f4 c4 45. Kf2 Kc5 46. Ra8 Kd4 47.
e5 Ke4 48. Rc8 b5 49. Ke2 Rb2+ 50. Kd1 Rf2 51. Rc5 b4 52. Ke1 Rxf4 53. Rxc4+
Kxe5 54. Rc7 Ke6 55. Rc6+ Kf5 56. Ke2 Rxh4 57. Rf6+ Kxg5 58. Rxf7 h5 59. Kf3
Rc4 60. Rb7 Rc3+ 0-1

[Event "20. Open Pula 2006"]
[Site "Pula CRO"]
[Date "2006.06.19"]
[Round "2.6"]
[White "Cvitan, Ognjen"]
[Black "Filimonov, Alexey"]
[Result "1-0"]
[WhiteElo "2527"]
[BlackElo "2216"]
[PlyCount "57"]
[EventDate "2006.06.18"]
[EventType "swiss"]
[EventRounds "9"]
[EventCountry "CRO"]
[Source "lmi"]
[SourceDate "2006.06.26"]

1. c4 Nf6 2. Nf3 g6 3. g3 Bg7 4. Bg2 d6 5. d4 O-O 6. O-O c6 7. Nc3 Qa5 8. e4 e5
9. h3 exd4 10. Nxd4 Nbd7 11. Re1 Ne5 12. Bf1 Nfd7 13. Nb3 Qb4 14. a3 Qb6 15.
Be3 c5 16. Nd5 Qd8 17. f4 Nc6 18. Rb1 Nf6 19. Bf2 Re8 20. Bg2 Nxd5 21. cxd5 Nb8
22. Nd2 Na6 23. b4 cxb4 24. axb4 Bd7 25. Bf1 f5 26. Nc4 Rxe4 27. Nxd6 Rxb4 28.
Nxb7 Qf6 29. d6 1-0

[Event "20. Open Pula 2006"]
[Site "Pula CRO"]
[Date "2006.06.19"]
[Round "2.7"]
[White "Zugaj, Fjodor"]
[Black "Petrik, Tomas"]
[Result "0-1"]
[WhiteElo "2215"]
[BlackElo "2515"]
[PlyCount "63"]
[EventDate "2006.06.18"]
[EventType "swiss"]
[EventRounds "9"]
[EventCountry "CRO"]
[Source "lmi"]
[SourceDate "2006.06.26"]

1. e4 e6 2. d4 d5 3. Nd2 c5 4. exd5 Qxd5 5. Ngf3 cxd4 6. Bc4 Qd6 7. O-O Nf6 8.
Nb3 Nc6 9. Re1 a6 10. a4 Bd7 11. Qe2 h6 12. g3 g5 13. Rd1 Qc7 14. Nbxd4 Nxd4
15. Nxd4 O-O-O 16. Qf3 Bg7 17. Be2 e5 18. Nb5 e4 19. Qxf6 Bxf6 20. Nxc7 Kxc7
21. Be3 Bc6 22. a5 Rxd1+ 23. Rxd1 Bxb2 24. Bb6+ Kb8 25. Rb1 Bc3 26. Rb3 Be5 27.
Bxa6 Rc8 28. Bc4 f5 29. Be6 Rf8 30. Bc5 Rf6 31. Bc4 Ba4 32. Ra3 0-1

[Event "20. Open Pula 2006"]
[Site "Pula CRO"]
[Date "2006.06.19"]
[Round "2.10"]
[White "Saric, Ante"]
[Black "Mack, Wolfgang"]
[Result "1-0"]
[WhiteElo "2474"]
[BlackElo "2210"]
[PlyCount "115"]
[EventDate "2006.06.18"]
[EventType "swiss"]
[EventRounds "9"]
[EventCountry "CRO"]
[Source "lmi"]
[SourceDate "2006.06.26"]

1. e4 g6 2. d4 Bg7 3. c4 d6 4. Nc3 e5 5. Nf3 Nc6 6. dxe5 dxe5 7. Qxd8+ Kxd8 8.
Bg5+ f6 9. O-O-O+ Bd7 10. Be3 Bh6 11. c5 Bxe3+ 12. fxe3 Nge7 13. Nd5 Rf8 14.
Bb5 Rc8 15. a3 Ke8 16. Bc4 Nd8 17. Nc3 c6 18. Rd6 Rc7 19. Rf1 Nc8 20. Rd2 Ke7
21. Rdf2 Be6 22. Bd3 Rf7 23. Nd2 b6 24. Na4 Nb7 25. b4 Rf8 26. Kc2 Rd7 27. Kc3
a5 28. cxb6 axb4+ 29. axb4 Nbd6 30. Nc5 Rdd8 31. b7 Na7 32. Ra1 Nab5+ 33. Bxb5
cxb5 34. Ra7 Rb8 35. Rf1 Bd7 36. Rfa1 Bc6 37. R1a6 Bxb7 38. Rxd6 Kxd6 39. Nxb7+
Kc6 40. Nc5 Ra8 41. Rxh7 Rh8 42. Rf7 Raf8 43. Rxf8 Rxf8 44. h4 Ra8 45. Ncb3 Kd6
46. Na5 Rc8+ 47. Kb2 f5 48. Nb7+ Ke7 49. Nc5 Kf6 50. Nf3 Rc7 51. g3 fxe4 52.
Nxe4+ Kf5 53. Nf2 Rc4 54. e4+ Ke6 55. Kb3 Kd6 56. g4 Ke6 57. Nd3 Rxe4 58. Ng5+
1-0

[Event "20. Open Pula 2006"]
[Site "Pula CRO"]
[Date "2006.06.19"]
[Round "2.11"]
[White "Vasic, Bosko"]
[Black "Jovanic, Ognjen"]
[Result "0-1"]
[WhiteElo "2209"]
[BlackElo "2473"]
[PlyCount "90"]
[EventDate "2006.06.18"]
[EventType "swiss"]
[EventRounds "9"]
[EventCountry "CRO"]
[Source "lmi"]
[SourceDate "2006.06.26"]

1. d4 Nf6 2. Bg5 c5 3. Bxf6 gxf6 4. d5 Qb6 5. Qc1 f5 6. c4 Qb4+ 7. Nd2 Bg7 8.
Rb1 d6 9. e3 Nd7 10. Ngf3 Nf6 11. Bd3 e6 12. O-O O-O 13. e4 fxe4 14. Nxe4 Nxe4
15. Bxe4 e5 16. Bd3 Qa4 17. a3 Qe8 18. h3 e4 19. Re1 f5 20. Nh2 Qg6 21. Bc2 a5
22. Kh1 Bd7 23. Qd2 Bd4 24. f3 e3 25. Qe2 Qh6 26. Rf1 f4 27. Bd3 a4 28. Rfc1
Kh8 29. Qc2 Qg5 30. Bxh7 Rf7 31. Bd3 Rg8 32. Qe2 Qh4 33. Be4 Rfg7 34. Ng4 Bxg4
35. fxg4 Rxg4 36. b3 axb3 37. Rxb3 R4g7 38. Rcb1 Re8 39. Bf3 Qf2 40. Rxb7 Rxg2
41. Qxf2 Rxf2 42. Bh5 Rg8 43. Re7 Be5 44. Bg4 f3 45. Bf5 Rh2# 0-1